Los hijos del limo: del romanticismo a la vanguardia

Gardado en:
Detalles Bibliográficos
Autor Principal: Paz, Octavio (autor)
Formato: Libro
Idioma:Lingua castelá
Publicado: Barcelona Seix Barral 1990
Edición:3a. ed
Series:Biblioteca de Bolsillo
Subjects:
Tags: Engadir etiqueta
Sen Etiquetas, Sexa o primeiro en etiquetar este rexistro!

MARC

LEADER 00000nam a2200000 a 4500
001 UCX4806
003 CL-VaPUC
008 920730e19900000SP |||||||||||||||||spa|d
082 0 4 |a Me864  |b PAZ  |2 21 
100 |a Paz, Octavio  |e autor  |9 321638 
245 1 4 |a Los hijos del limo: del romanticismo a la vanguardia 
250 |a 3a. ed 
300 |a 239 p 
942 |c BK 
945 |d 19920730 00:00:00 
260 |a Barcelona  |b Seix Barral  |c 1990 
650 7 |a ENSAYOS MEXICANOS  |2 CL-VaPUC  |9 315571 
650 0 |a Poesía   |9 265825 
650 0 |a Historia y crítica   |9 257407 
583 |a last modification  |c 19920730 00:00:00  |k Rodrigo Vera 
490 0 |a Biblioteca de Bolsillo 
999 |c 225193  |d 225191 
952 |0 0  |1 0  |4 0  |6 ME_864_000000000000000_PAZ_1990  |7 0  |8 R  |9 222518  |a BIBEDU  |b BIBEDU  |c MCIRC  |d 2019-11-15  |i 2913313  |l 1  |o Me864 PAZ 1990  |p 2913313  |r 2024-04-02  |s 2024-03-27  |w 2019-11-15  |y BK_R  |k LIT 
952 |0 0  |1 0  |4 0  |6 ME_864_000000000000000_PAZ_1990  |7 0  |8 R  |9 222519  |a BIBEDU  |b BIBEDU  |c MCIRC  |d 2019-11-15  |i 2913321  |l 2  |m 1  |o Me864 PAZ 1990  |p 2913321  |r 2024-04-15  |s 2024-04-11  |w 2019-11-15  |y BK_R  |k LIT